| Record ID | marc_loc_2016/BooksAll.2016.part32.utf8:104778076:1204 |
| Source | Library of Congress |
| Download Link | /show-records/marc_loc_2016/BooksAll.2016.part32.utf8:104778076:1204?format=raw |
LEADER: 01204cam a22003253a 4500
001 2004573915
003 DLC
005 20041229182727.0
008 040211s2004 nyu 000 1 eng d
010 $a 2004573915
042 $alccopycat
035 $a(OCoLC)ocm54414557
040 $aIG#$cIG#$dDLC
020 $a0440241065
043 $ae-uk-en
050 00 $aCPB Box no. 2171 vol. 8
100 1 $aBalogh, Mary.
245 10 $aSlightly tempted /$cMary Balogh.
260 $aNew York :$bBantam Dell,$c2004.
300 $a356 p. ;$c18 cm.
500 $aIncludes excerpts from Slightly sinful and Slightly dangerous.
650 0 $aNobility$vFiction.
651 0 $aEngland$xSocial life and customs$y19th century$vFiction.
655 7 $aLove stories.$2gsafd
655 7 $aRegency fiction.$2gsafd
655 7 $aHistorical fiction.$2gsafd
710 2 $aCopyright Paperback Collection (Library of Congress)$5DLC
856 42 $3Contributor biographical information$uhttp://www.loc.gov/catdir/bios/random051/2004573915.html
856 41 $3Sample text$uhttp://www.loc.gov/catdir/samples/random051/2004573915.html
856 42 $3Publisher description$uhttp://www.loc.gov/catdir/description/random051/2004573915.html